| 000 | 00685 a2200241 4500 | ||
|---|---|---|---|
| 001 | 17139 | ||
| 999 |
_c17139 _d13334 |
||
| 003 | TR-AnTOB | ||
| 005 | 20231002001226.0 | ||
| 008 | 041102s2003 tu tur | ||
| 020 | _a9758640836 | ||
| 035 | _a17139 | ||
| 041 | _atur | ||
| 050 |
_aHD37.T9 _bÇ34 2003 |
||
| 090 | _aHD37.T9 Ç34 2003 | ||
| 245 | 0 |
_aÇağdaş işletme teknikleri / _cBirol Bumin...[et al.]. |
|
| 264 | 1 |
_aAnkara : _bGazi Kitabevi, _c2003 |
|
| 300 |
_ax, 234 p. : _btables , ill. ; _c20 cm. |
||
| 500 | _aIncludes bibliographies and index. | ||
| 650 | 7 |
_aYönetim _xMesleki rehberlik _vMesleki rehberlik _2 _91900 |
|
| 650 | 7 |
_aEndüstriyel yönetim _2etuturkob _96479 |
|
| 902 | _a0008171 | ||
| 942 | _cBK | ||